Responses for Show #5819 - Thursday, December 24, 2009

Ryan Chaffee game 5.
Stephen Weingarten game 1.

Contestants

[<< previous game]

Sarah Boyette, a law student originally from Philadelphia, Pennsylvania

Stephen Weingarten, a paraeducator from Portland, Oregon

Ryan Chaffee, a tutor from Los Angeles, California (whose 4-day cash winnings total $91,900)

[next game >>]

Jeopardy! Round responses

NOBEL LAUREATES IN LITERATURE
"CHIN" MUSIC
A PIECE OF CAKE
BIBLICAL NAME'S THE SAME
IT HAPPENED ON CHRISTMAS EVE
LETTER-WORD
    $200 11
Pearl S. Buck

Sarah
    $200 1
(Ryan: What is "When The Saints Come Marching In"?)
[Originally ruled correct; reversed during the interview segment]

"When The Saints Go Marching In"

Ryan
Triple Stumper
    $200 9
cheesecake

Sarah
    $200 4
James

Sarah
    $200 15
Eisenhower

Ryan
    $200 22
(Ryan: What is X?)
(Stephen: What is R-rated?)

X-rated

RyanStephen
Triple Stumper
    $2,200 16
Pasternak

Ryan
    $400 2
(Stephen: What is Synchronicity?)

Ghost in the Machine

Stephen
Triple Stumper
    $400 10
(Sarah: What is Geneva?)

Genoa

RyanSarah
    $400 5
Peter

Ryan
    $400 18
the Library of Congress

Sarah
    $400 23
A-bomb

Stephen
    $600 17
Solzhenitsyn

Stephen
    $600 3
"Ka-Ching!"

Triple Stumper
    $600 12
German chocolate cake

Sarah
    $600 6
(Sarah: What is Luke?)

Daniel

RyanSarah
    $600 19
(Captain) Cook

Ryan
    $600 24
(Alex: That's it, with a minute to go.)

T-ball

Sarah
    $800 20
Harold Pinter

Triple Stumper
    $800 29
"Touchin'"

Ryan
    $800 13
angel food cake

Sarah
    $800 7
Mark

Ryan
    $800 26
(Stephen: What is 1815?)

1814

Stephen
Triple Stumper
    $800 25
S-curve

Sarah
    $1000 21
John Galsworthy

Triple Stumper
    $1000 30
"Watching The Detectives"

Ryan
    $1000 14
a Yule log

Stephen
    $1000 8
Ezra

Stephen
    $1000 27
North Korea

Stephen
    $1000 28
a C-clamp

Sarah

Scores at the first commercial break (after clue 15):

Ryan Stephen Sarah
$2,200 $1,600 $1,000

Scores at the end of the Jeopardy! Round:

Ryan Stephen Sarah
$6,600 $2,600 $3,800

Double Jeopardy! Round responses

THE WHITE HOUSE
"BLUE" MOVIES
GO GREYHOUND
THE GREEN MOUNTAIN STATE
YOU'VE GOT YELLOW FEVER
COLORFUL RHYME TIME
    $400 6
FDR

Ryan
    $400 11
The Blues Brothers

Stephen
    $400 1
England

Sarah
    $400 23
(Ryan: What is 2?)

14th

RyanSarah
    $400 21
Madison

Sarah
    $400 16
black attack

Stephen
    $800 7
(Stephen: What is limestone?)

sandstone

RyanStephen
    $800 12
(Stephen: What is Blue Streak?)

Blue Chips

Stephen
Triple Stumper
    $800 2
(Ryan: What is New York?)

Delaware

RyanSarah
    $800 27
(Stephen: What is Ontario?)

Quebec

StephenSarah
    $800 22
(Stephen: What is a bacteria?)

a virus

RyanStephen
    $800 17
a brown gown

Sarah
    $1200 8
a telephone

Stephen
    $1200 13
Lady Sings the Blues

Ryan
    $1200 3
off-leash

Stephen
    $1200 28
Patrick Leahy

Triple Stumper
    $1200 24
jaundice

Stephen
    $1200 18
red tread

Stephen
    $1600 9
Polk

Ryan
    $1600 14
Blue Thunder

Stephen
    $1600 4
Solomon

Sarah
    $2,600 29
the Connecticut

Sarah
    $2,000 25
the Panama Canal

Stephen
    $1600 19
pink shrink

Stephen
    $2000 10
(Ryan: Who is Cleveland?)
(Sarah: Who is McKinley?)

Benjamin Harrison

RyanSarah
Triple Stumper
    $2000 15
Blue Water, White Death

Triple Stumper
    $2000 5
Egypt

Stephen
    $2000 30
Burlington

Sarah
    $2000 26
Walter Reed

Ryan
    $2000 20
a scarlet harlot

Triple Stumper

Scores at the end of the Double Jeopardy! Round:

Ryan Stephen Sarah
$10,200 $12,200 $11,600

[wagering suggestions for these scores]

Final Jeopardy! Round responses

SPORTSWOMEN
(Alex: A great moment for women's sports in America when we won the World Cup in 1999.)
RyanWho is Brandy Chastain?
$10,200
SarahWho is Brandi Chastain?
$10,000
StephenWho is Brandy Chastain
$11,000
Brandi Chastain

Final scores:

Ryan Stephen Sarah
$20,400 $23,200 $21,600
3rd place: $1,000 New champion: $23,200 2nd place: $2,000

Game dynamics:

Coryat scores:

Ryan Stephen Sarah
$8,400 $11,800 $10,600
15 R
(including 1 DD),
5 W
15 R
(including 1 DD),
7 W
18 R
(including 1 DD),
3 W

Combined Coryat: $30,800

[game clues] [game scores] [suggest correction]

Game tape date: 2009-11-10
The J! Archive is created by fans, for fans. Scraping, republication, monetization, and malicious use prohibited; this site may use cookies and collect identifying information. See terms. The Jeopardy! game show and all elements thereof, including but not limited to copyright and trademark thereto, are the property of Jeopardy Productions, Inc. and are protected under law. This website is not affiliated with, sponsored by, or operated by Jeopardy Productions, Inc. Join the discussion at JBoard.tv.